00996 2200193 4500001002100000005001500021035002000036008004100056245006400097100002000161250000600181260006500187300003000252084001400282082000800296650001000304520047600314990001200790INLIS00000000000105020240527103342 a0010-0524000285240527 1 ind 1 aMorning Dew And The Togetherness We Share /cUlfah Khaerani aKhaerani, Ulfah a1 aJakarta :bElexa Media Komputindo ( Kompas Gramedia ),c2014 a308 hlm ;c12.5 X 19.5 cm a813 ULF m a813 4aFiksi aTasya adalah perempuan mania yang harus merasakan penyakit langka yang disebut Myasthenia Gravis . Penyakit ini membuat Tasya tidak bisa menjadi Tasya yang dulu lagi. Sifat periangnya tiba-tiba lenyap, tapi melalui penyakit ini juga dia bisa bertemu dengan orang yang dia cintai. Penyakit ini juga yang membawanya bertemu dengan seorang anak yang bernama Nayara, yang memiliki penyakit yang sangat berbahaya juga. Melalui Nayara, Tasya bisa belajar untuk terus bersyukur. a0744028